<?xml version="1.0" encoding="UTF-8"?><?xml-stylesheet type="text/xsl" href="static/style.xsl"?><OAI-PMH xmlns="http://www.openarchives.org/OAI/2.0/" xmlns:xsi="http://www.w3.org/2001/XMLSchema-instance" xsi:schemaLocation="http://www.openarchives.org/OAI/2.0/ http://www.openarchives.org/OAI/2.0/OAI-PMH.xsd"><responseDate>2026-04-14T02:09:37Z</responseDate><request verb="GetRecord" identifier="oai:www.recercat.cat:2072/168135" metadataPrefix="marc">https://recercat.cat/oai/request</request><GetRecord><record><header><identifier>oai:recercat.cat:2072/168135</identifier><datestamp>2024-12-13T09:39:50Z</datestamp><setSpec>com_2072_63425</setSpec><setSpec>com_2072_63424</setSpec><setSpec>com_2072_63412</setSpec><setSpec>com_2072_2015</setSpec><setSpec>col_2072_63426</setSpec></header><metadata><record xmlns="http://www.loc.gov/MARC21/slim" xmlns:dcterms="http://purl.org/dc/terms/" xmlns:xsi="http://www.w3.org/2001/XMLSchema-instance" xmlns:doc="http://www.lyncode.com/xoai" xsi:schemaLocation="http://www.loc.gov/MARC21/slim http://www.loc.gov/standards/marcxml/schema/MARC21slim.xsd">
   <leader>00925njm 22002777a 4500</leader>
   <datafield ind2=" " ind1=" " tag="042">
      <subfield code="a">dc</subfield>
   </datafield>
   <datafield ind2=" " ind1=" " tag="720">
      <subfield code="a">Rodríguez Calafat, Daniel</subfield>
      <subfield code="e">author</subfield>
   </datafield>
   <datafield ind2=" " ind1=" " tag="260">
      <subfield code="c">2011-07-26T12:10:53Z</subfield>
   </datafield>
   <datafield ind2=" " ind1=" " tag="520">
      <subfield code="a">The EVS4CSCL project starts in the context of a Computer Supported Collaborative Learning environment (CSCL). Previous UOC projects created a CSCL generic platform (CLPL) to facilitate the development of CSCL applications. A discussion forum (DF) was the first application developed over the framework. This discussion forum was different from other products on the marketplace because of its focus on the learning process. The DF carried out the specification and elaboration phases from the discussion learning process but there was a lack in the consensus phase. The consensus phase in a learning environment is not something to be achieved but tested. Common tests are done by Electronic Voting System (EVS) tools, but consensus test is not an assessment test. We are not evaluating our students by their answers but by their discussion activity. Our educational EVS would be used as a discussion catalyst proposing a discussion about the results after an initial query or it would be used after a discussion period in order to manifest how the discussion changed the students mind (consensus). It should be also used by the teacher as a quick way to know where the student needs some reinforcement. That is important in a distance-learning environment where there is no direct contact between the teacher and the student and it is difficult to detect the learning lacks. In an educational environment, assessment it is a must and the EVS will provide direct assessment by peer usefulness evaluation, teacher marks on every query created and indirect assessment from statistics regarding the user activity.</subfield>
   </datafield>
   <datafield ind2=" " ind1=" " tag="520">
      <subfield code="a">El projecte EVS4CSCL s'inicia en el context d'un entorn d'aprenentatge col.laboratiu (CSCL). Projectes anteriors de la UOC van crear una plataforma genèrica CSCL (CLPL) per a facilitar el desenvolupament d'aplicacions CSCL. Un fòrum de discussió (DF) va ser la primera aplicació desenvolupada en aquest marc. Aquest fòrum de discussió era diferent d'altres productes del mercat a causa del seu enfocament en el procés d'aprenentatge. El DF va dur a terme les especificacions i fases d'elaboració del procés d'aprenentatge debatut, però hi va haver una falta de consens. La fase de consens en un entorn d'aprenentatge no és una cosa que s'ha d'aconseguir però sí s'ha de provar. Les proves més comunes es realitzen per votació electrònica mitjançant eines del sistema (EVS), però es tracta d'una prova de consens no d'avaluació. No estem avaluant als nostres estudiants per les seves respostes, sinó per la seva activitat de discussió.</subfield>
   </datafield>
   <datafield ind2=" " ind1=" " tag="520">
      <subfield code="a">El proyecto EVS4CSCL se inicia en el contexto de un entorno de aprendizaje colaborativo (CSCL). Proyectos anteriores de la UOC crearon una plataforma genérica CSCL (CLPL) para facilitar el desarrollo de aplicaciones CSCL. Un foro de discusión (DF) fue la primera aplicación desarrollada en este marco. Este foro de discusión era diferente de otros productos en el mercado debido a su enfoque en el proceso de aprendizaje. El DF llevó a cabo las especificaciones y fases de elaboración del proceso de aprendizaje debatido, pero hubo una falta de consenso. La fase de consenso en un entorno de aprendizaje no es algo que debe lograrse pero sí probarla. Las pruebas más comunes se realizan por votación electrónica mediante herramientas del sistema (EVS), pero se trata de una prueba de consenso no de evaluación. No estamos evaluando a nuestros estudiantes por sus respuestas, sinó por su actividad de discusión.</subfield>
   </datafield>
   <datafield ind1="8" ind2=" " tag="024">
      <subfield code="a">http://hdl.handle.net/10609/7971</subfield>
   </datafield>
   <datafield tag="653" ind2=" " ind1=" ">
      <subfield code="a">Electronic Voting Systems</subfield>
   </datafield>
   <datafield tag="653" ind2=" " ind1=" ">
      <subfield code="a">e-learning</subfield>
   </datafield>
   <datafield tag="653" ind2=" " ind1=" ">
      <subfield code="a">consensus</subfield>
   </datafield>
   <datafield tag="653" ind2=" " ind1=" ">
      <subfield code="a">discussion forum</subfield>
   </datafield>
   <datafield tag="653" ind2=" " ind1=" ">
      <subfield code="a">EVS</subfield>
   </datafield>
   <datafield tag="653" ind2=" " ind1=" ">
      <subfield code="a">CLPL</subfield>
   </datafield>
   <datafield tag="653" ind2=" " ind1=" ">
      <subfield code="a">CSCL</subfield>
   </datafield>
   <datafield tag="653" ind2=" " ind1=" ">
      <subfield code="a">computer supported collaborative learning</subfield>
   </datafield>
   <datafield tag="653" ind2=" " ind1=" ">
      <subfield code="a">sistemes de vot electrònic</subfield>
   </datafield>
   <datafield tag="653" ind2=" " ind1=" ">
      <subfield code="a">sistemas de voto electrónico</subfield>
   </datafield>
   <datafield tag="653" ind2=" " ind1=" ">
      <subfield code="a">consens</subfield>
   </datafield>
   <datafield tag="653" ind2=" " ind1=" ">
      <subfield code="a">consenso</subfield>
   </datafield>
   <datafield tag="653" ind2=" " ind1=" ">
      <subfield code="a">e-learning</subfield>
   </datafield>
   <datafield tag="653" ind2=" " ind1=" ">
      <subfield code="a">e-learning</subfield>
   </datafield>
   <datafield tag="653" ind2=" " ind1=" ">
      <subfield code="a">fòrum</subfield>
   </datafield>
   <datafield tag="653" ind2=" " ind1=" ">
      <subfield code="a">foro</subfield>
   </datafield>
   <datafield tag="653" ind2=" " ind1=" ">
      <subfield code="a">aprenentatge col·laboratiu</subfield>
   </datafield>
   <datafield tag="653" ind2=" " ind1=" ">
      <subfield code="a">aprendizaje colaborativo</subfield>
   </datafield>
   <datafield tag="653" ind2=" " ind1=" ">
      <subfield code="a">Electronic voting</subfield>
   </datafield>
   <datafield tag="653" ind2=" " ind1=" ">
      <subfield code="a">Educational technology</subfield>
   </datafield>
   <datafield tag="653" ind2=" " ind1=" ">
      <subfield code="a">Group work in education -- Computer-assisted instruction</subfield>
   </datafield>
   <datafield tag="653" ind2=" " ind1=" ">
      <subfield code="a">Team learning approach in education</subfield>
   </datafield>
   <datafield tag="653" ind2=" " ind1=" ">
      <subfield code="a">Vot electrònic</subfield>
   </datafield>
   <datafield tag="653" ind2=" " ind1=" ">
      <subfield code="a">Tecnologia educativa</subfield>
   </datafield>
   <datafield tag="653" ind2=" " ind1=" ">
      <subfield code="a">Ensenyament -- Treball en equip -- Ensenyament assistit per ordinador</subfield>
   </datafield>
   <datafield tag="653" ind2=" " ind1=" ">
      <subfield code="a">Aprenentatge -- Treball en equip</subfield>
   </datafield>
   <datafield tag="653" ind2=" " ind1=" ">
      <subfield code="a">Voto electrónico</subfield>
   </datafield>
   <datafield tag="653" ind2=" " ind1=" ">
      <subfield code="a">Tecnología educativa</subfield>
   </datafield>
   <datafield tag="653" ind2=" " ind1=" ">
      <subfield code="a">Enseñanza -- Trabajo en equipo -- Enseñanza asistida por ordenador</subfield>
   </datafield>
   <datafield tag="653" ind2=" " ind1=" ">
      <subfield code="a">Aprendizaje -- Trabajo en equipo</subfield>
   </datafield>
   <datafield ind2="0" ind1="0" tag="245">
      <subfield code="a">Electronic voting system for computer supported collaborative learning</subfield>
   </datafield>
</record></metadata></record></GetRecord></OAI-PMH>